Research design for business & management

Saved in:
Bibliografiske detaljer
Hovedforfatter: ANG, Siah Hwee
Format: Bog
Sprog:engelsk
Udgivet: Sage Publications 2014
Tags: Tilføj Tag
Ingen Tags, Vær først til at tagge denne postø!

MARC

LEADER 00000nam a22000007a 4500
008 201221b ||||| |||| 00| 0 eng d
020 |a 978-1-84787-026-1 
100 |a ANG, Siah Hwee. 
245 |a Research design for business & management  |c Siah Hwee Ang  |g xvii:314p; ill. 
260 |b Sage Publications  |c 2014  |h Los Angeles  |i 693465  |i 693466  |l HD30.4 .An4  |m Business – Research – Methodology.  |m Management – Research. 
942 |a lcc  |c BK  |e YUNUSA, A.A.  |f 21/12/2020 
952 |0 0  |1 0  |2 lcc  |4 0  |6 HD00304 A N4  |7 0  |9 1020  |a HOL  |b HOL  |c GJ  |d 2020-12-21  |l 0  |o HD30.4 .An4  |p 2020-230242  |r 2020-12-21 00:00:00  |w 2020-12-21  |y BK 
952 |0 0  |1 0  |2 lcc  |4 0  |6 HD00304 A N4  |7 0  |9 1021  |a HOL  |b HOL  |c GJ  |d 2020-12-21  |l 0  |o HD30.4 .An4  |p 2020-230243  |r 2020-12-21 00:00:00  |w 2020-12-21  |y BK 
999 |c 527  |d 527